| 000 | 01102nam a2200217 a 4500 | ||
|---|---|---|---|
| 001 | 000494459 | ||
| 003 | AM-YEHGA | ||
| 005 | 20250617164640.0 | ||
| 008 | 060704s1962 ru ||||gr|||||||||0|rus|d | ||
| 040 | _aAM-YeHGA | ||
| 041 | 0 | _arus | |
| 100 | 1 | _aПятигорский, Александр Моисеевич | |
| 245 | 1 | 0 |
_aМатериалы по истории индийской философии : _bМатериализм локайяты, индуистская система Шайва-Бхакти и другие философские и религиозные системы в средневековых тамильских источниках / _cА.М. Пятигорский ; Отв. ред. А.М. Дьяков ; АН СССР. Ин-т народов Азии. |
| 260 |
_aМосква : _bИзд-во вост. лит, _c1962. |
||
| 300 | _a250 с. | ||
| 650 | 1 | 4 |
_aФилософия _xИстория _zИндия |
| 700 | 1 |
_aДьяков, А.М. _eред. _4edt |
|
| 710 | 2 | _aИнститут народов Азии АН СССР | |
| 942 |
_2udc _cBK |
||
| 090 | _c565168 | ||
| 999 |
_c527191 _d527191 |
||